|
|
|
|
| LEADER |
00000cam a2200000 7i4500 |
| 001 |
0000000512 |
| 005 |
20000824.0 |
| 090 |
0 |
0 |
|a 551.30209595115
|b ROS 1999
|
| 100 |
0 |
0 |
|a ROSLAN Zainal Abidin
|c 1958 -
|
| 245 |
1 |
0 |
|a Soil erosion studies at Jalan Indah 1/1, Taman Universiti Indah, Seri Kembangan, Selangor Darul Ehsan
|c Prepared by Roslan Zainal Abidin, Tew Kia Hui
|
| 260 |
0 |
0 |
|a Subang Jaya, Selangor :
|b VT Soil Erosion Research and Consultancy ,
|c 1999
|
| 300 |
|
|
|a 24 p., [68]p. :
|b col. ill. ;
|c 30 cm.
|
| 500 |
0 |
0 |
|a Bibliography: [p. 23-24]
|
| 650 |
0 |
0 |
|a Soil conservation
|z Selangor
|
| 650 |
0 |
0 |
|a Soil erosion
|x Selangor
|
| 700 |
0 |
1 |
|a Tew
|h Kia Hui
|
| 999 |
|
|
|a 0000001298
|b Monograph
|c Open Shelf
|e Default branch
|